Undressing lesbian sex /

Saved in:
Bibliografiske detaljer
Hovedforfatter: Creith, Elaine (Author)
Format: Bog
Sprog:engelsk
Udgivet: London : Cassell, 1996
Tags: Tilføj Tag
Ingen Tags, Vær først til at tagge denne postø!

MARC

LEADER 00000nam a22000007i 4500
001 IT\ICCU\UBO\0303648
003 ItRI
005 20260115231814.0
008 980929s1996 xxk|||||| ||||| |||||c
020 |a 0304328499 
040 |b ita  |c importazione bologna sebina 
041 7 |a eng  |2 ISO-639-2 
100 1 |a Creith, Elaine  |0 IT\ICCU\UBOV\118319  |4 aut 
245 1 0 |a Undressing lesbian sex /  |c Elaine Creith. 
260 |a London :  |b Cassell,  |c 1996 
300 |a xiii, 224 p. ;  |c 21 cm 
942 |2 ddc  |c BK  |n 0 
952 |0 0  |1 0  |4 0  |6 L_306_766000000000000_CRE  |7 0  |9 13075  |a BO  |b BO  |d 2026-01-15  |i 4976  |l 0  |o L 306.766 CRE  |p BO4976  |r 2026-01-15 23:18:14  |w 2026-01-15  |x [Sebina 5] [1 v.]  |y BK  |z 1 v. 
999 |c 11205  |d 11205